|
|
|
|
| LEADER |
00000nam0a2200000 4500 |
| 001 |
37507 |
| 005 |
20240125113959.0 |
| 010 |
|
|
|a 5895031137
|
| 035 |
|
|
|a (RuTPU)RU\TPU\book\38090
|
| 090 |
|
|
|a 37507
|
| 100 |
|
|
|a 20020125d2001 m y0rusy50 ca
|
| 101 |
0 |
|
|a rus
|
| 102 |
|
|
|a RU
|
| 105 |
|
|
|a a z 001zy
|
| 200 |
1 |
|
|a Оптические кабели связи
|f Б. Ж. Кемельбеков, В. Ф. Мышкин, В. А. Хан
|g Томский политехнический университет
|
| 210 |
|
|
|a Томск
|c Изд-во НТЛ
|d 2001
|
| 215 |
|
|
|a 352 с.
|c тл.
|
| 320 |
|
|
|a Библиогр.: с. 314-331.
|
| 610 |
1 |
|
|a электросвязь
|
| 610 |
1 |
|
|a каналы связи
|
| 610 |
1 |
|
|a оптические волокна
|
| 610 |
1 |
|
|a световоды
|
| 610 |
1 |
|
|a дисперсия
|
| 610 |
1 |
|
|a оптические кабели
|
| 610 |
1 |
|
|a конструкции
|
| 610 |
1 |
|
|a ВОЛС
|
| 675 |
|
|
|a 621.39.052
|v 3
|
| 700 |
|
1 |
|a Кемельбеков
|b Б. Ж.
|g Бекен Жасымбаевич
|
| 701 |
|
1 |
|a Мышкин
|b В. Ф.
|c физик
|c профессор Томского политехнического университета, доктор физико-математических наук
|f 1962-
|g Вячеслав Фёдорович
|3 (RuTPU)RU\TPU\pers\26858
|9 12476
|
| 701 |
|
1 |
|a Хан
|b В. А.
|c физик
|c доцент Томского политехнического университета, доктор технических наук
|f 1952-
|g Валерий Алексеевич
|3 (RuTPU)RU\TPU\pers\31144
|9 15340
|
| 712 |
0 |
2 |
|a Томский политехнический университет
|3 (RuTPU)RU\TPU\col\376
|
| 801 |
|
1 |
|a RU
|b 63413507
|c 20020125
|g PSBO
|
| 801 |
|
2 |
|a RU
|b 63413507
|c 20140228
|g PSBO
|
| 942 |
|
|
|c BK
|